Bones Characters Quiz Stats

 Plays Quiz not verified by Sporcle

Score 0/15 Timer 09:00
0 Plays Today
Played By Character % Correct
David BoreanazSeeley Booth
99%
T.J. ThyneJack Hodgins
93.9%
Emily DeschanelTemperence Brennan
91.8%
John Francis DaleyLance Sweets
83.2%
Michaela ConlinAngela Montenegro
80.1%
Eric MileganZack Addy
74.5%
Tamara TaylorCamille Saroyan
67.3%
Carla GalloDaisy Wick
63.3%
Played By Character % Correct
Ryan CartwrightVincent Nigel-Murray
62.2%
Michael Grant TerryWendell Bray
60.2%
Joel David MooreColin Fisher
58.2%
Eugene ByrdClark Edison
56.1%
Patricia BelcherCaroline Julian
55.6%
Pej VahdatArastoo Vaziri
51.5%
Jonathan AdamsDaniel Goodman
50%

You're not logged in!

Compare scores with friends on all Sporcle quizzes.
OR
Log In

Show Comments

Extras

Top Quizzes Today


Score Distribution

Your Account Isn't Verified!

In order to create a playlist on Sporcle, you need to verify the email address you used during registration. Go to your Sporcle Settings to finish the process.

Report this User

Report this user for behavior that violates our Community Guidelines.

Details: